Der Einflug der Auftausalze auf Böden und Pflanzen an der Autobahn

Bibliographic Details
Main Author: Banásová, Viera, 1945- (Author)
Format: Article
Language:Slovak
German
PhysicalDescription:Obr. 5. Tb. 5. Res. slov., rus., lit. 15 zázn. v nem., angl.
Subjects:

MARC

LEADER 00000nab a2200000 a 4500
001 vtls000228677
003 SK-MaSNL
005 20260304212640.0
008 250422c1985 xo 0 slo
015 |a SNBRB19rr/mm-uuuuu 
035 |a CL0238791 
035 |a urn:nbn:sk:snk-ab9ylv 
035 |a (urnnbn)urn:nbn:sk:snk:ar-a094r6 
035 |a (uuid)c56160ce-bb72-4063-90eb-410c650910b3 
040 |a SNKBUCL  |b slo  |c SNKBUCL  |e AACR2 
041 0 |a ger 
044 |a xo  |c SK 
080 |a 631.4  |2 1981 
080 |a 58  |2 1981 
080 |a 625.768.7  |2 1981 
100 1 |a Banásová, Viera,  |d 1945-  |4 aut  |9 223787 
245 1 4 |a Der Einflug der Auftausalze auf Böden und Pflanzen an der Autobahn  |c Viera Banásová 
300 |b Obr. 5. Tb. 5. Res. slov., rus., lit. 15 zázn. v nem., angl. 
650 0 7 |a pôda  |2 snkbucl  |9 1159 
650 0 7 |a rastliny  |2 snkbucl  |9 690 
650 0 7 |a soli posypové  |2 snkbucl  |9 963896 
655 7 |a články z novín a časopisov  |2 snkbucl  |9 267496 
773 0 |t Ekológia  |g Roč. 4, č. 3 (1985), s. 315-328 
850 |a Slovenská národná knižnica 
852 |a Slovenská národná knižnica 
958 |a article13 
958 |a NB 
958 |a RK 
958 |a OND 
958 |a EUIPO 
992 |a RBX 
999 |c 3132349  |d 3134279